000 01087nam a2200265Ia 4500
003 OSt
005 20221005104743.0
006 a|||||r|||| 00| 0
007 ta
008 221004b |||||||| |||| 00| 0 hin d
020 _c120
024 _a8750
037 _b20476, 08/01/2014, Hindi Madhyam Karyanvyan Nideshalye
_cTextual
040 _aCRL
_cCRL
_bhin
041 _2hin
_ahin
082 _aV2,8.P1, 152M9
100 _aजैन, आर. बी.
245 0 _aभारतीय समाज
_b अधिकारीतंत्र और सुशासन
246 _aBhāratīya samāja: adhikārītantra aur sushāsana
260 _aदिल्ली
_bविश्वविद्यालय हिन्दी माध्यम कार्यान्वय निदेशालय भारत
_c1989
300 _a159पृ0
_ccm.
650 _aविश्व-इतिहास
942 _hV2,8.P1, 152M9
_cTEXL
_2cc
999 _c1013681
_d1013681